Gas welding and cutting, (Record no. 548609)

000 -LEADER
fixed length control field 00653cam a22001811 4500
082 ## - DEWEY DECIMAL CLASSIFICATION NUMBER
Classification number 671.522
Author Mark YEV
-- L-24, P-27
100 1# - MAIN ENTRY--PERSONAL NAME
Personal name Glizmanenko, Dmitriĭ Lv́ovich.
9 (RLIN) 44973
245 10 - TITLE STATEMENT
Title Gas welding and cutting,
Statement of responsibility, etc. by D. Glizmanenko and G. Yevseyev. Translated from the Russian by B. Kuznetsov.
260 ## - PUBLICATION, DISTRIBUTION, ETC.
Place of publication, distribution, etc. Moscow,
Name of publisher, distributor, etc. Peace Publishers
Date of publication, distribution, etc. [1961]
300 ## - PHYSICAL DESCRIPTION
Extent 430, [1] p.
Other physical details illus.
Dimensions 22 cm.
500 ## - GENERAL NOTE
General note Added t. p., in Russian.
526 ## - STUDY PROGRAM INFORMATION NOTE
Program name 0
Interest level 0
Reading level 0
Title point value 671_522000000000000_GLI
526 ## - STUDY PROGRAM INFORMATION NOTE
Program name 0
Interest level 0
Reading level 0
Title point value 671_522000000000000_YEV
650 #0 - SUBJECT ADDED ENTRY--TOPICAL TERM
Topical term or geographic name entry element MCE
9 (RLIN) 379
650 #0 - SUBJECT ADDED ENTRY--TOPICAL TERM
Topical term or geographic name entry element Oxyacetylene welding and cutting.
9 (RLIN) 44974
700 1# - ADDED ENTRY--PERSONAL NAME
Personal name Evseev, G. B.
9 (RLIN) 44975
942 ## - ADDED ENTRY ELEMENTS (KOHA)
Source of classification or shelving scheme
Koha item type Book
Holdings
Withdrawn status Lost status Source of classification or shelving scheme Damaged status Not for loan Permanent Location Current Location Date acquired Total Checkouts Full call number Barcode Date last seen Price effective from Koha item type
          Military College of Engineering (MCE) Military College of Engineering (MCE) 09/03/2014   671.522 GLI MCE-2861 09/03/2014 03/14/2021 Book
          Military College of Engineering (MCE) Military College of Engineering (MCE) 09/03/2014   671.522 YEV MCE-3248 09/03/2014 09/03/2014 Book
© 2023 Central Library, National University of Sciences and Technology. All Rights Reserved.